Palestine and the Arab-Israeli conflict / (Record no. 1421)
[ view plain ]
| 000 -LEADER | |
|---|---|
| fixed length control field | 01030cam a22002775i 4500 |
| 003 - CONTROL NUMBER IDENTIFIER | |
| control field | EG-CaNGU |
| 005 - DATE AND TIME OF LATEST TRANSACTION | |
| control field | 20240123141920.0 |
| 008 - FIXED-LENGTH DATA ELEMENTS--GENERAL INFORMATION | |
| fixed length control field | 221013t2021 mauab frb 001 0 eng d |
| 020 ## - INTERNATIONAL STANDARD BOOK NUMBER | |
| International Standard Book Number | 9781319115746 |
| 040 ## - CATALOGING SOURCE | |
| Original cataloging agency | WIS |
| Language of cataloging | eng |
| Description conventions | rda |
| Transcribing agency | WIS |
| Modifying agency | OCLCO |
| -- | CaNGU |
| 082 04 - DEWEY DECIMAL CLASSIFICATION NUMBER | |
| Classification number | 956 |
| Item number | SMP |
| Edition number | 23 |
| 100 1# - MAIN ENTRY--PERSONAL NAME | |
| Personal name | Smith, Charles D., |
| Dates associated with a name | 1936-, |
| Relator term | author. |
| 9 (RLIN) | 4468 |
| 245 10 - TITLE STATEMENT | |
| Title | Palestine and the Arab-Israeli conflict / |
| 246 14 - VARYING FORM OF TITLE | |
| Title proper/short title | Palestine and the Arab-Israeli conflict : |
| Remainder of title | a history with documents |
| 250 ## - EDITION STATEMENT | |
| Edition statement | Tenth edition. |
| 264 #1 - PRODUCTION, PUBLICATION, DISTRIBUTION, MANUFACTURE, AND COPYRIGHT NOTICE | |
| Place of production, publication, distribution, manufacture | Boston, Massachusetts : |
| Name of producer, publisher, distributor, manufacturer | Macmillan Learning, Bedford/St. Martin's, |
| Date of production, publication, distribution, manufacture, or copyright notice | [2021] |
| 264 #4 - PRODUCTION, PUBLICATION, DISTRIBUTION, MANUFACTURE, AND COPYRIGHT NOTICE | |
| Date of production, publication, distribution, manufacture, or copyright notice | ©2021 |
| 300 ## - PHYSICAL DESCRIPTION | |
| Extent | xxi, 610 pages : |
| Other physical details | illustrations, maps ; |
| Dimensions | 24 cm |
| 336 ## - CONTENT TYPE | |
| Content type term | text |
| Content type code | txt |
| Source | rdacontent |
| 337 ## - MEDIA TYPE | |
| Media type term | unmediated |
| Media type code | n |
| Source | rdamedia |
| 338 ## - CARRIER TYPE | |
| Carrier type term | volume |
| Carrier type code | nc |
| Source | rdacarrier |
| 504 ## - BIBLIOGRAPHY, ETC. NOTE | |
| Bibliography, etc. note | Includes bibliographical references and index. |
| 650 #7 - SUBJECT ADDED ENTRY--TOPICAL TERM | |
| Topical term or geographic name entry element | Arab-Israeli conflict |
| Source of heading or term | NGU-sh |
| 9 (RLIN) | 2859 |
| 651 #0 - SUBJECT ADDED ENTRY--GEOGRAPHIC NAME | |
| Geographic name | Palestine |
| General subdivision | history. |
| Source of heading or term | NGU-sh |
| 9 (RLIN) | 4469 |
| Withdrawn status | Lost status | Source of classification or shelving scheme | Damaged status | Not for loan | Collection code | Home library | Current library | Date acquired | Source of acquisition | Cost, normal purchase price | Full call number | Barcode | Date last seen | Price effective from | Koha item type | Date last checked out |
|---|---|---|---|---|---|---|---|---|---|---|---|---|---|---|---|---|
| Dewey Decimal Classification | Not For Loan | Economics and Politics | Library B | Library B | 10/13/2022 | Dar Al Fajr | 797.00 | 956 SMP | 1003326 | 08/13/2025 | 10/13/2022 | Book Non-borrowing | ||||
| Dewey Decimal Classification | Economics and Politics | Library B | Library B | 10/13/2022 | Dar Al Fajr | 797.00 | 956 SMP | 1003327 | 08/13/2025 | 10/13/2022 | Book | |||||
| Dewey Decimal Classification | Economics and Politics | Library B | Library B | 10/13/2022 | Dar Al Fajr | 797.00 | 956 SMP | 1003328 | 08/13/2025 | 10/13/2022 | Book | |||||
| Dewey Decimal Classification | Economics and Politics | Library B | Library B | 10/13/2022 | Dar Al Fajr | 797.00 | 956 SMP | 1003329 | 08/13/2025 | 10/13/2022 | Book | |||||
| Dewey Decimal Classification | Economics and Politics | Library B | Library B | 10/13/2022 | Dar Al Fajr | 797.00 | 956 SMP | 1003330 | 08/13/2025 | 10/13/2022 | Book | 10/27/2022 |